Spanish Stores and Shops Vocabulary Words - Statistics

General Stats
  • This quiz has been taken 5,027 times
  • The average score is 12 of 17
Answer Stats
Hint Answer % Correct
frutería fruit
97%
pizzería pizza
96%
lechería dairy
91%
pescadería seafood
91%
zapatería shoes
90%
panadería bakery
88%
floristería flowers
85%
heladería ice cream
85%
librería books
79%
cervecería beer
74%
lavandería laundry
70%
joyería jewelry
57%
peluquería hair
56%
juguetería toys
54%
mueblería furniture
53%
confitería candy
42%
ferretería hardware
24%
No matching quizzes found
Score Distribution
Percent of People with Each Score
Percentile by Number Answered
Your Score History
You have not taken this quiz